Základný príjem pre každého. Utópia alebo nie?
Ako funguje utopistická teória univerzálneho základného príjmu (UBI) v realite. Výsledky čiastkových prieskumov.
Enregistré dans:
| Auteur principal: | |
|---|---|
| Format: | Chapitre de livre |
| Langue: | slovaque |
| Sujets: | |
| Tags: |
Pas de tags, Soyez le premier à ajouter un tag!
|
MARC
| LEADER | 00000naa a2200000 4500 | ||
|---|---|---|---|
| 001 | 0234642 | ||
| 005 | 20170725104538.3 | ||
| 041 | 0 | |a slo | |
| 044 | |a SK | ||
| 245 | 1 | 0 | |a Základný príjem pre každého. Utópia alebo nie? |c Filip Obradovič |
| 520 | |a Ako funguje utopistická teória univerzálneho základného príjmu (UBI) v realite. Výsledky čiastkových prieskumov. | ||
| 610 | 2 | 0 | |a príjmy obyvateľstva |
| 610 | 2 | 0 | |a svet |
| 610 | 2 | 0 | |a Slovensko |
| 100 | 1 | |a Obradovič, Filip | |